000 00330nam a2200145Ia 4500
005 20251222143136.0
008 251222s9999||||xx |||||||||||||| ||spa||
020 _a84-7615-562-X
082 _a519.5/S75/Ej.2
100 _aSpiegel, Murray
245 0 _aEstadística
250 _a2a.ed.
264 _bMcGraw-Hill
942 _cLIB
999 _c12105
_d12105